Quiz o Bizancjum - Statystyki

Ogólne statystyki
  • Ten quiz został rozwiązany 978 razy
    974 od ostatniego zresetowania
  • Średni wynik to 12 z 19
Statystyki odpowiedzi
Wskazówka Odpowiedź % Poprawnych
Cesarstwo Bizantyjskie było odgałęzieniem tego imperium Imperium Rzymskie
96%
Stolica Cesarstwa Bizantyjskiego Konstantynopol
96%
Oficjalna religia państwowa (po 380 r. n.e.) Chrześcijaństwo
90%
Największa na świecie katedra od ponad 900 lat Hagia {Sophia}
87%
Imperium, które ostatecznie podbiło Bizancjum w 1453 r. Imperium Osmańskie
85%
Główny język Cesarstwa Bizantyjskiego Grecki
82%
Starożytny szlak handlowy między Chinami a Cesarstwem Bizantyjskim {Jedwabny} Szlak
82%
Nazwa podziału kościoła katolickiego i prawosławnego w 1054 r. Wielka {Schizma}
75%
Włoskie państwo-miasto, które w tym konflikcie przejęło wiele terytoriów od Bizantyjczyków Wenecja
65%
Czasami te religijne obrazy dewocyjne były zakazane Ikony
62%
„Wielki” cesarz, który odzyskał Włochy i zreformował kodeks prawny Justynian
57%
Po tej „świętej wojnie” w 1204 r. powstało Cesarstwo Łacińskie {Czwarta} Krucjata
49%
Prawosławna wersja papieża Patriarcha
46%
Najeźdźca huński, z którym Bizantyjczycy walczyli i któremu płacili daninę Attyla
42%
Ta substancja przypominająca napalm, będąca tajemnicą państwową, pomagała wygrywać bitwy morskie Ogień grecki
39%
30 000 osób zginęło w zamieszkach w Nika, wywołanych przez pojedynkujących się fanów tego sportu Wyścigi rydwanów
33%
Darmowa dystrybucja pszenicy ustała po podboju tej prowincji przez Arabów Egipt
31%
Potężna żona powyższego, była aktorka i prostytutka Teodora
25%
W języku polskim słowo „bizantyjski” to odznaczający się... przepychem i kolorytem
22%
Nie znaleziono quizów pasujących do podanych kryteriów
Rozkład punktacji
Procent ludzi z każdym wynikiem
Percentyl według liczby udzielonych odpowiedzi
Twoja historia wyników
Nie rozwiązałeś tego quizu od ostatniego zresetowania